[Event "New Delhi AAI"]
[Site "New Delhi"]
[Date "2011.06.22"]
[Round "1"]
[White "Negi, Parimarjan"]
[Black "Caruana, Fabiano"]
[Result "0-1"]
[WhiteElo "2622"]
[BlackElo "2714"]
[Annotator "Caruana,F"]
[PlyCount "98"]
[EventDate "2011.06.22"]
[EventType "tourn"]
[EventRounds "10"]
[EventCountry "IND"]
[EventCategory "17"]
[SourceTitle "CBM 143"]
[Source "ChessBase"]
[SourceDate "2011.07.15"]
[SourceVersion "1"]
[SourceVersionDate "2011.07.15"]
[SourceQuality "1"]

1. e4 e5 2. Nf3 Nc6 3. Bb5 a6 4. Ba4 Nf6 5. O-O Be7 6. Re1 b5 7. Bb3 O-O 8. a4
{This came as a big surprise. I had expected Parimarjan to play 8.c3.} b4 9. d4
d6 10. dxe5 dxe5 11. Qxd8 Rxd8 12. Bg5 {Now I was totally out of any knowledge,
and I began to feel very uncomfortable because I couldn't see any way to deal
with White's threat of Bxf6 and Bd5. After long thought I embarked on a
speculative exchange sacrifice, which I wasn't sure would work, but seemed to
be worth a shot.} h6 $5 {A bizarre move. I'm basically forcing White to do
what he wants. However, I played this with a concrete idea in mind.} ({The
main line is} 12... Rb8 13. Nbd2 h6 {, which I rejected because I assume White
would be better after} 14. Be3 {, but in fact Black obtains a reasonable
position with} Bd6 $1 15. a5 Ng4) 13. Bxf6 gxf6 {An essential move. I need the
e5-pawn to be secured.} 14. Bd5 {If White doesn't immediately use this pin he
will have nothing.} (14. Nbd2 Na5 {is of course not what White wants.}) 14...
Rd6 $1 {This exchange sacrifice was my idea with 12...h6.} ({After a
conventional sequence like} 14... Bd7 15. Nbd2 Rab8 16. Nb3 Bd6 17. a5 Ne7 18.
Bc4 {Black finds himself in a very unpleasant position with no chances for
active counterplay. This was what I was trying to avoid.}) 15. Nbd2 Be6 16. Nc4
{Principled and probably correct.} ({White can also try} 16. Bxe6 fxe6 17. Nc4
Rd7 18. Rad1 Rad8 19. Rxd7 Rxd7 20. Kf1 {, with a small edge but Black should
be able to hold.}) 16... Rxd5 17. exd5 Bxd5 18. Ne3 Be6 {During the game I
wasn't sure if I had full compensation, but at least I felt it wasn't easy for
White to prove an advantage. My bishop pair is very strong and controls a lot
of squares, and if I manage to advance my pawns with ...f5 White's position
could become unpleasant.} 19. Nh4 $6 {I don't like this move. White's knights
might look nice on e3 and f5 but they don't contribute much, and will probably
be chased around a lot.} ({After} 19. Rad1 f5 20. Nd5 Bd6 {I believe Black's
position is fine.}) ({During the game I was most worried about} 19. g4 $1 {
, when White plans Nd2-e4, and it could start to get really dangerous for
Black. I had planned} h5 20. h3 Kh7 21. Kh2 {, but I wasn't sure what to do
here. Black has a number of ways which probably can hold a draw, but there
isn't any forced way to equalize.} Bc5 ({After} 21... Rg8 22. Rg1 e4 23. Nd2
Ne5 {I'm worried about} 24. Nxe4 Nf3+ 25. Kh1 Nxg1 26. Rxg1 hxg4 27. hxg4 $14 {
, which looks harmless but I can't find anything satisfactory for Black.}) 22.
Rg1 Nd4 23. Nxd4 Bxd4 24. c3 bxc3 25. bxc3 Bxc3 26. Rac1 Bd4 27. Rxc7 hxg4 28.
hxg4 Kg6 {This is a normal continuation, and Black can probably hold this, but
there's still work to be done.}) 19... Bc5 20. Nhf5 Kh7 {Now it's not clear
what White wants to do with his knights. In fact, it's much easier to play
Black's position because he has a clear plan to kick the f5-knight with ...Kg6
and slowly advance his pawns, while White has no targets for attack at all.} (
20... Nd4 {is inaccurate and is met strongly with} 21. Ng3 $1 {, when} f5 {
doesn't work due to} 22. Ngxf5) 21. c3 bxc3 22. bxc3 Rg8 {I wanted to prevent
White from playing g4.} (22... h5 $5 {was also good for this reason.}) 23. Kh1
$6 {This looks like a waste of time, and leads White to difficulties.} ({
A natural move like} 23. Rad1 {must be preferred.}) 23... h5 24. Rad1 ({
A logical continuation would be:} 24. h3 Rg5 25. g4 (25. Ng3 f5 26. h4 Bxe3 $1
{is a nice trick.}) 25... hxg4 26. hxg4 Bxe3 $1 (26... e4 $2 {first doesn't
work:} 27. Ng3) 27. Nxe3 e4 $1 {, and Black will have a good position after ...
Ne5. Most likely it will end in a draw, which White should be satisfied with
at this point.}) 24... Kg6 25. Nh4+ Kh6 26. g3 ({After} 26. Nhf5+ {Black can
already play for a win:} Kg5 $1 27. Ng3 f5) 26... Ne7 {Finally Black's pawns
are ready to go. Although the position probably remains about equal, I much
prefer to play Black's position.} 27. Rd2 $6 {An inaccuracy. Later on I'll
take advantage of this with ...Rb8, when White can't respond with Rb1.} (27. f4
$2 {doesn't work:} exf4 28. gxf4 Bxe3 29. Rxe3 Bd5+ 30. Nf3 Nf5 $17) ({The
computer suggests} 27. Kg2 c6 28. c4 a5 {, with a roughly balanced position.} (
28... f5 $2 {loses:} 29. Nexf5+ Nxf5 30. Nxf5+ Bxf5 31. Rxe5 Bg4 32. f3 $18))
27... c6 28. Nhg2 Rb8 $1 {Suddenly White is in big trouble due to the threat
of ...Rb3. Negi was also in time trouble at this point, further complicating
his task.} 29. Red1 Rb3 30. Rd8 Rxc3 31. Ra8 Bb3 {Grabbing another pawn.} 32.
Ra1 (32. Re1 Bxa4 33. Rxa6 Bb3 {is similar to the game, but at least Black
doesn't have the extra tempo ...Bd4.}) 32... Bd4 33. Re1 Bxa4 34. Rxa6 ({
A very important variation is} 34. Re8 Nd5 35. Nf5+ Kh7 36. Rf8 {, and now
Black has the only but winning move} Bc5 $1 37. Rxf7+ Kg6 $19) 34... Bb3 $17 {
White's defensive task is really tough, because all Black's pieces are
dominating. In severe time trouble Negi couldn't cope.} 35. Ra8 Be6 36. h4 $2 {
A strange move, but I'm not sure what to suggest for White.} Ng6 37. Rb1 f5 {
With every move the position gets worse for White.} 38. Nd1 Rc2 39. Kg1 Rd2 40.
Ra3 c5 {And after the time control it's just hopeless...} 41. Ne1 e4 42. Ng2 c4
43. Nde3 Ne5 44. Ra6 Nf3+ 45. Kf1 c3 46. Rc6 Kh7 47. Rc7 Bxe3 48. Nxe3 f4 49.
gxf4 c2 0-1

[Event "Riga op"]
[Site "Riga"]
[Date "1995.??.??"]
[Round "?"]
[White "Sulskis, Sarunas"]
[Black "Berzinsh, Roland"]
[Result "1-0"]
[WhiteElo "2470"]
[BlackElo "2430"]
[Annotator "Chekhov,V"]
[PlyCount "91"]
[EventDate "1995.??.??"]
[EventType "swiss"]
[EventRounds "9"]
[EventCountry "LAT"]
[SourceTitle "CBM 048"]
[Source "ChessBase"]
[SourceDate "1995.10.01"]
[SourceVersion "1"]
[SourceVersionDate "1995.10.01"]
[SourceQuality "1"]

1. e4 e5 2. Nf3 Nc6 3. Bb5 a6 4. Ba4 Nf6 5. O-O b5 6. Bb3 Bb7 7. Re1 Be7 8. c3
d5 9. exd5 Nxd5 10. Nxe5 Nxe5 11. Rxe5 Nf4 12. d4 Nxg2 13. Qe2 (13. Bg5 f6 14.
Bxf6 gxf6 15. Qh5+ Kd7 16. Be6+ $6 (16. Qf5+ Ke8 17. Qh5+ Kd7 18. Qf5+ $10)
16... Kc6 17. Bd5+ Kb6 18. Re6+ Ka7 19. Bxb7 Kxb7 20. Qf3+ Kb8 21. a4 (21. Kxg2
Qg8+) 21... Nh4 22. Qc6 Bd6 $19 {Majzlan,J-Habinak,T/SVK/1994/0|1/24/}) 13...
h6 14. Qh5 g6 15. Qh3 Qd6 (15... Qc8 16. Qg3 $14) 16. Bg5 $5 {N} (16. Nd2 Nh4
17. Ne4 (17. Re1 $6 f5 $4 (17... Qf6 $5) 18. Qxh4 $18 {Guedon,S-Filipowicz,L/
Torcy/1991/1|0/18/}) 17... Qxe5 18. dxe5 Bxe4 19. Bd1 Rd8 (19... h5 $5 20. Be3
g5 $44) 20. Be3 g5 21. f3 Bd5 22. Be2 $16 {Polovodin,J-Genin,A/URS/1981/1|0/45/
}) 16... Qxe5 $5 (16... f6 17. Re6 Nf4 18. Bxf4 Qxf4 19. Na3 Rh7 20. Rae1 $13)
17. dxe5 Bxg5 18. a4 Nf4 19. Qe3 (19. Qg4 h5 $1) 19... O-O-O $1 20. axb5 Rd3
21. Qa7 $6 (21. Qc5 $5 Rhd8 22. Na3 Nh3+ 23. Kf1 Rf3 24. bxa6 Bxa6+ 25. Nc4 Rd2
26. Ke1 $1 Rfxf2 (26... Rdxf2 $4 27. Nb6+ Kb8 (27... Kd8 28. Qf8#) 28. Qf8+ $18
) 27. Nxd2 (27. Nd6+ Kd7 28. Ba4+ Ke6 29. Bb3+ $10) (27. Nb6+ Kb8 28. Qf8+ Rd8
29. Nd7+ Kc8) 27... Re2+ 28. Kd1 (28. Kf1 Rxe5+ 29. Rxa6 Rxc5) 28... Rxd2+ 29.
Ke1 Re2+ 30. Kd1 Nf2+ 31. Qxf2 Rxf2 32. Rxa6) 21... a5 $1 22. Na3 (22. Rxa5 $2
Rhd8) (22. Qxa5 $2 Rhd8 23. Na3 Nh3+ 24. Kf1 Rf3 $19) 22... Bh4 $1 23. Nc4 Rf3
$5 (23... Nh3+ $5 24. Kf1 Bxf2 25. b6 Rf3 26. Ke2 Nf4+ (26... Rd8 $2 27. Qxb7+
$1) 27. Kd2 Rd8+ 28. Kc1 (28. Kc2 Be4+ 29. Kc1 Bxb6 30. Nxb6+ cxb6 31. Bc4 Nd3+
32. Bxd3 Rfxd3 33. Qa6+ Bb7 34. Qc4+ Kb8 $36) 28... Bxb6 29. Nxb6+ cxb6 30. Bc4
Nd3+ 31. Kb1 Rf2 32. Qxb6 (32. Bxd3 Rxd3 33. Ka2 (33. Qxb6 Rd1+ 34. Ka2 Bd5+
$19) 33... Kc7) 32... Rxb2+ 33. Qxb2 Nxb2 34. Kxb2 Rd2+ $19) 24. Kf1 (24. Nxa5
Bxf2+ $1 25. Qxf2 Nh3+ $19) 24... Nh3 25. Nxa5 Rxf2+ 26. Qxf2 (26. Ke1 Rxh2+
27. Kf1 (27. Kd1 Rd8+ 28. Kc1 Rh1+ 29. Kc2 Be4#) 27... Bf3 28. Qa6+ Kd7 29. e6+
Ke7 30. Nc6+ Kf6 $19) 26... Nxf2 27. Nxb7 Kxb7 28. Ra4 g5 29. Bxf7 Nd3 30. e6
Ne5 31. Bh5 g4 32. Re4 $6 (32. Bxg4 $5 Rf8+ 33. Kg2 Rf2+ $1 34. Kh3 Be7 $17)
32... Rf8+ 33. Ke2 (33. Kg2 $4 Rf2+ 34. Kh1 Nf3 $19) (33. Kg1 Rf5 34. Bxg4 Nxg4
35. Rxg4 Rg5 36. Rxg5 Bxg5 37. Kg2 Kb6 $19) 33... Rf5 34. Bxg4 Nxg4 35. Rxg4
Re5+ (35... Be7 36. Kd3 Rxb5 37. Rg7 Bd6 $19) 36. Kd3 Bg5 $6 (36... Be7 $5 37.
Rg6 (37. Re4 Rxb5 $19) 37... h5 38. c4 Kb6 $17) 37. Re4 Rxe4 $2 (37... Rxb5 38.
e7 Bxe7 39. Rxe7 Rxb2 $10) (37... Rd5+ $5 38. Kc4 Rd8 39. b4 $44) 38. Kxe4 Kb6
$6 (38... Kc8 $1 39. c4 Kd8 40. c5 Ke7 41. Kd5 Bf4 42. h3 h5 43. b4 Bg3 44. Kc6
$1 Kxe6 45. b6 cxb6 46. Kxb6 Kd5 $1 47. c6 Kc4 48. b5 Kb4 $10) 39. Kf5 Kxb5 40.
Kg6 Kc4 (40... Kc6 41. Kf7 Kd6 42. b4 Bh4 43. c4 c5 44. b5 h5 45. b6 $18) 41.
Kf7 $18 Kb3 42. e7 Bxe7 43. Kxe7 Kxb2 44. c4 Kc3 45. c5 Kb4 46. c6 (46. c6 Kc5
47. Kd7 Kb6 48. h3 h5 49. h4 $18) 1-0

[Event "Paris FIDE GP"]
[Site "Elancourt"]
[Date "2013.09.24"]
[Round "3"]
[White "Giri, Anish"]
[Black "Tomashevsky, Evgeny"]
[Result "1/2-1/2"]
[WhiteElo "2737"]
[BlackElo "2706"]
[Annotator "ChessBase Website"]
[PlyCount "48"]
[EventDate "2013.09.22"]
[EventType "tourn"]
[EventRounds "11"]
[EventCountry "FRA"]
[EventCategory "20"]
[SourceTitle "CBM 157"]
[Source "ChessBase"]
[SourceDate "2013.11.12"]
[SourceVersion "1"]
[SourceVersionDate "2013.11.12"]
[SourceQuality "1"]
[TimeControl "40/7200:20/3600:900+30"]
[WhiteClock "2:00:00"]
[BlackClock "2:00:00"]

1. e4 {[%emt 0:00:03]} e5 {[%emt 0:00:09] Giri was unable to breach
Tomashevsky's Spanish set-up. The Russian has shown to be unbelievably solid
in this opening and he obtained an easy draw again today.} 2. Nf3 {[%emt 0:00:
15]} Nc6 {[%emt 0:00:06]} 3. Bb5 {[%emt 0:00:03]} a6 {[%emt 0:00:09]} 4. Ba4 {
[%emt 0:00:05]} Nf6 {[%emt 0:00:06]} 5. O-O {[%emt 0:00:05]} Be7 {[%emt 0:00:
08]} 6. Re1 {[%emt 0:00:24]} b5 {[%emt 0:00:09]} 7. Bb3 {[%emt 0:00:03]} O-O {
[%emt 0:00:10]} 8. h3 {[%emt 0:00:05]} Bb7 {[%emt 0:01:30]} 9. d3 {[%emt 0:00:
12]} d5 {[%emt 0:05:00]} 10. exd5 {[%emt 0:00:59]} Nxd5 {[%emt 0:00:07]} 11.
Nbd2 {[%emt 0:00:10]} Nf4 {[%emt 0:04:26]} 12. Ne4 {[%emt 0:00:50]} Na5 {
[%emt 0:00:41]} 13. Bxf4 {[%emt 0:00:10]} exf4 {[%emt 0:04:10]} 14. d4 {
[%emt 0:01:32]} Nxb3 {[%emt 0:30:49]} 15. axb3 {[%emt 0:00:28]} Qd7 $146 {
[%emt 0:00:05]} (15... Re8 16. Qd3 f5 17. Nc5 Bxc5 18. Rxe8+ Qxe8 19. dxc5 Qg6
20. Re1 Rf8 21. Re7 Be4 22. Qd1 c6 23. b4 Bd5 24. c3 h6 25. Kh2 Rf7 26. Rxf7
Qxf7 27. Ne5 Qe7 28. Qd4 Qg5 29. Nf3 Bxf3 30. gxf3 Qh4 31. b3 Kh7 32. c4 Kg8
33. Kg2 Qg5+ 34. Kf1 Qh5 35. Qd8+ Kh7 36. Ke2 Qf7 37. Qd4 Qe7+ 38. Kf1 g5 39.
Qd6 Qe8 40. Kg2 Kg7 41. Qc7+ Kg6 42. Qd6+ Kg7 43. h4 Qc8 44. Qe7+ Kg6 45. h5+ {
Topalov,V (2752)-Svidler,P (2749) Astana 2012 1-0 (101)}) 16. Qd3 {[%emt 0:08:
30]} Rad8 {[%emt 0:01:57]} 17. c4 {[%emt 0:22:30]} Bb4 {[%emt 0:14:43]} 18. Nc3
{[%emt 0:10:06]} bxc4 {[%emt 0:10:51]} 19. bxc4 {[%emt 0:00:05]} Bxf3 {[%emt 0:
00:03]} 20. Qxf3 {[%emt 0:00:04]} Qxd4 {[%emt 0:00:12]} 21. Re4 {[%emt 0:00:39]
} Qd2 {[%emt 0:00:42]} 22. Re2 {[%emt 0:00:49]} Qd4 {[%emt 0:02:07]} 23. Re4 {
[%emt 0:00:04]} Qd2 {[%emt 0:00:03]} 24. Re2 {[%emt 0:00:03]} Qd4 {[%emt 0:00:
05]} 1/2-1/2

[Event "Biel"]
[Site "Biel"]
[Date "1986.07.21"]
[Round "2"]
[White "Klinger, Josef"]
[Black "Nunn, John DM"]
[Result "0-1"]
[WhiteElo "2430"]
[BlackElo "2590"]
[Annotator "Dolmatov,S"]
[PlyCount "86"]
[EventDate "1986.07.20"]
[EventType "tourn"]
[EventRounds "11"]
[EventCountry "SUI"]
[EventCategory "12"]
[SourceTitle "MCL"]
[Source "ChessBase"]
[SourceDate "1999.07.01"]
[SourceVersion "1"]
[SourceVersionDate "1999.07.01"]
[SourceQuality "1"]

1. e4 e5 2. Nf3 Nc6 3. Bb5 a6 4. Ba4 Nf6 5. O-O Be7 6. Re1 b5 7. Bb3 O-O 8. a4
Bb7 9. d3 Re8 10. c3 d6 11. Nbd2 Na5 12. Ba2 (12. Bc2 c5 13. d4 $13) 12... c5
13. Nf1 c4 14. Bg5 h6 15. Bxf6 Bxf6 16. Ne3 Rc8 17. axb5 axb5 18. dxc4 Nxc4 19.
Bxc4 bxc4 20. Nd2 Bg5 21. Nexc4 (21. Ndxc4 Bxe3 22. Nxe3 (22. Nxd6 Bxf2+ 23.
Kxf2 Qb6+ 24. Kf3 Rcd8 $19) 22... Bxe4 23. Nd5 $10) 21... d5 22. Na5 Ba8 23.
Qc2 (23. exd5 Qxd5 (23... Bxd5 24. Nf3 $44) 24. Ne4 $14) 23... Bxd2 24. Qxd2
dxe4 25. Qxd8 Rexd8 26. Red1 f6 (26... Rd3 27. Rxd3 exd3 28. f3 f5 29. Kf2 $14)
(26... f5 27. Rxd8+ Rxd8 28. Nc4 Kf7 29. Nxe5+ Kf6 30. Nc4 $44) 27. Kf1 Kf7 28.
Ke2 Rxd1 29. Rxd1 Ke6 30. c4 Rb8 31. b3 $6 (31. Rb1 $5 Rb4 32. b3 f5 33. Kd2 f4
34. Kc3 Rb8 35. b4 $13) 31... f5 32. g3 f4 33. Kd2 $2 Kf5 34. Kc3 e3 35. fxe3
f3 $19 36. b4 (36. c5 Ke4 37. Nc4 f2 $19) 36... Ke4 37. Nb3 f2 (37... Kxe3 38.
Re1+ Kf2 39. Rxe5) 38. b5 Kf3 39. Nd2+ Ke2 40. Rb1 Rd8 41. Nf1 Bg2 42. c5 Bxf1
43. c6 Bg2 0-1

[Event "EU-chT (Men) 15th"]
[Site "Gothenburg"]
[Date "2005.07.30"]
[Round "1.1"]
[White "Sutovsky, Emil"]
[Black "Beliavsky, Alexander G"]
[Result "1-0"]
[WhiteElo "2674"]
[BlackElo "2599"]
[Annotator "Erenburg,S"]
[PlyCount "99"]
[EventDate "2005.07.30"]
[EventType "team-swiss"]
[EventRounds "9"]
[EventCountry "SWE"]
[SourceTitle "CBM 109"]
[Source "ChessBase"]
[SourceDate "2005.11.14"]
[SourceVersion "1"]
[SourceVersionDate "2005.11.14"]
[SourceQuality "1"]
[WhiteTeam "Israel"]
[BlackTeam "Slovenia"]
[WhiteTeamCountry "ISR"]
[BlackTeamCountry "SLO"]

1. e4 e5 2. Nf3 Nc6 3. Bb5 a6 4. Ba4 Nf6 5. O-O Be7 6. Re1 b5 7. Bb3 O-O 8. h3
{Beliavsky is one of the greattest experts in Marshal lines, so, it was a
logical opening choice for white.} (8. d4 {Erenburg} d6 9. c3 Bg4 {1/2-1/2
Kramnik,V-Adams,M/Dortmund 2005/CBM 108_01/[Erenburg] (58)}) (8. c3 {Erenburg}
d5 9. exd5 Nxd5 10. Nxe5 Nxe5 11. Rxe5 c6 {1/2-1/2 Alekseev,E-Aronian,L/Warsaw
2005/CBM 108_01/[Erenburg] (38)}) 8... Bb7 9. d3 d6 10. a3 {Nowadays very
fashionable line, as White faces some problems to get an advantage in Marschal
lines...} Na5 {Black attacks white's bishop, thus, making possible the c7-c5
advance. Other possibilities are:} (10... Nd7 {(Erenburg) 1/2-1/2 Kramnik,
V-Leko,P/Brissago 2004/CBM 103/[Lukacs] (43)}) (10... Qd7 {Shirov,A (2685)
-Sokolov,I (2670) Groningen 1996 (10) 1-0} 11. Nc3 Rae8 {1/2-1/2 Short,
N-Sokolov,I/Wijk aan Zee 1997/CBM 057/[Blatny,P] (46)}) (10... Nd4 $5 11. Nxd4
exd4 12. Nd2 c5 13. Nf3 Nd7 $1 14. a4 Ne5 15. Bf4 Bf6 16. Nh2 Ng6 17. Bd2 Bg5
18. axb5 axb5 19. Rxa8 Bxa8 20. Qc1 Bxd2 21. Qxd2 Kh8 22. Nf3 h6 23. c3 dxc3
24. bxc3 f5 $36 {Lanka,Z-Blatny,P/EU-chT Debrecen LAT-CSR 1992/ 0-1 (40)}) 11.
Ba2 c5 12. Nbd2 {White has two options of development the queenside knight...
Another one is:} (12. Nc3 Nc6 13. Nh2 Nd4 14. Ng4 Nxg4 15. hxg4 Bg5 $11 {
0-1 Leko,P-Grischuk,A/Cap d'Agde 2003/CBM 098/[Atlas,V] (36)}) 12... Nc6 ({
Immediate transfer of the light-squared bishop to e6 is possible as well:} 
12... Bc8 13. c3 Be6 14. Bxe6 fxe6 15. b4 cxb4 16. axb4 Nc6 17. Qb3 Qd7 18. Bb2
h6 19. Ra2 Rfb8 20. Rea1 $14 {0-1 Leko,P-Anand,V/Dortmund 2004/CBM 103/[Marin,
M] (83)}) 13. Nf1 ({White hasn't achieved anything special after} 13. c3 Qd7
14. Nf1 d5 15. Bg5 dxe4 16. dxe4 c4 17. Ne3 Rfd8 18. Nf5 Qe6 19. Qe2 Bf8 20.
Bb1 h6 {1/2-1/2 Kramnik,V-Leko,P/Brissago SUI 2004/The Week in Chess 517 (20)})
13... Bc8 {transfering the bishop to e6.} 14. Ne3 {White tried also:} (14. Bg5
$146 {1-0 Anand,V-Kasimdzhanov,R/Leon 2005/CBM 108_01/[Erenburg] (39)}) (14. a4
$146 Be6 15. Bxe6 fxe6 16. c3 Qd7 17. Ng3 h6 18. Bd2 Rfb8 $11 {0-1 Gdanski,
J-Naiditsch,A/Warsaw 2005/CBM 108_01/[Erenburg] (49)}) (14. c3 Be6 15. Bxe6
fxe6 16. Ng3 Nd7 17. Be3 d5 18. exd5 exd5 19. a4 Rb8 20. axb5 axb5 21. b3 Ra8 {
1/2-1/2 Kasparov,G-Topalov,V/Linares ESP 2005/The Week in Chess 539 (21)})
14... Be6 15. Bd5 $146 {White is moving his light-squared bishop before his
pawns, that will make possible to located the pawns on the light squares.
According to my database, this continuation is new. In previous game white
prefered} (15. Nd5 Nb8 (15... Bxd5 16. exd5 Nd4 17. Nd2 Nf5 18. Ne4 Nd7 19. b4
Rc8 20. Bd2 c4 21. dxc4 bxc4 22. a4 Nh4 23. Qh5 $14 {1/2-1/2 Anand,V-Shirov,A/
Cap d'Agde 2003/CBM 098 (61)}) 16. Nxe7+ Qxe7 17. Bb1 Nc6 18. Ng5 Bd7 19. f4
exf4 20. Bxf4 Rae8 $11 {1/2-1/2 Anand,V-Grischuk,A/Cap d'Agde 2003/CBM 098 (51)
}) 15... Rc8 {preparing the b8 square for the knight.} (15... Bxd5 16. exd5 Nd4
17. Nd2 {[%cal Gc2c3]} Qd7 18. Ne4 Ne8 $1 19. c3 f5 20. Nd2 (20. cxd4 cxd4)
20... f4 21. Nec4 bxc4 22. cxd4 cxd3 23. dxe5 dxe5 24. Nc4 (24. Rxe5 Bf6) 24...
Rd8 25. Qxd3 Nc7 $13) (15... Qd7 16. c3) 16. c3 {White is preparing either
d3-d4 or b2-b4 advance.} Bxd5 ({In case of} 16... Qd7 {, white can immediately
to carry out d3-d4.} 17. d4 cxd4 18. cxd4 Bxd5 19. exd5 Nxd4 20. Nxd4 exd4 21.
Qxd4 Rfe8 22. Bd2 $14) 17. exd5 Nb8 18. a4 {creating a tension on the
queenside.} Qd7 {covering the f5 square and protecting the b5 pawn.} (18... b4
19. a5) (18... Nbd7 19. axb5 axb5 20. Qb3 Rb8 21. Nf5 $14 {[%cal Yc1g5,Ya1a7]})
19. axb5 {opening the "a" file.} axb5 20. c4 {strengthening the d5 pawn.} Rfe8
21. Nd2 $1 {Emil is planning to activate his kingside knight by transfering it
to the queenside.} Rc7 {[%cal Yc7b7] covering the seventh rank.} 22. cxb5 $1 {
In this way white gets the c4 spot.} Qxb5 (22... Rb7 23. Ndc4 Rxb5 24. Bd2 $14)
23. Ndc4 g6 {covering the f5 square.} 24. Bd2 Nbd7 25. Qf3 {White strengthens
his central d5 pawn, and he is intending to create some threats against
black's monarch.} Bf8 26. Bc3 {The dark-squared bishop is located excellently
on a long diagonal.} Rcc8 {Black suffers from lack of space, therefore, he
decides to change the rooks on the "a" file.} 27. Ra7 $1 Ra8 28. Rc7 $1 {
It is not easy for black to drive away white's rook from his camp.} Ra4 (28...
Ra6 29. Ng4 Nxg4 30. hxg4 $36) 29. Ng4 Qb8 (29... Nxg4 30. hxg4 {[%cal Gc4a3]}
Rd8 31. Rc6 $14) 30. Rc6 Nxg4 31. hxg4 Ra7 32. g5 {fixing black's kingside
pawns.} Rb7 33. Nd2 $1 {[%cal Yd2e4] transfering the knight to more active
position.} Nb6 {trying to prevent white's knight transfer to e4.} 34. Ne4 Nxd5
35. Nxd6 Bxd6 36. Qxd5 $16 {White's advantage is obvious, thanks to more
active pieces.} Rb6 {Other continuations are not better:} (36... Rd7 37. Rxc5
$16) (36... Rd8 37. Rxd6 $1 Rxd6 38. Qxe5 $18) 37. Rxb6 Qxb6 38. g3 {preparing
the g2 square for the king/} (38. Bxe5 {gives black some chances to survive:}
Bxe5 39. Rxe5 Rd8 $14) 38... Qc7 39. Ra1 {taking control over the only open
file.} (39. f4 {is met by} Rd8 40. Bxe5 Bxe5 41. Qxe5 Qxe5 $11) 39... Bf8 40.
Kg2 Qe7 41. Qc6 Rd8 42. Qf6 Qxf6 $2 {After this move, black is probably lost,
as his monarch will be paralized...} ({Black should have prefered a passive
defence:} 42... Re8 $16) 43. gxf6 Rxd3 {[%tqu "En","Please find the best move
for white.","","","a1a8","",10]} 44. Ra8 $1 {creating very unpleasant pin for
black!} e4 (44... h5 {doesn't change the evaluation of the position:} 45. Ba5 (
45. Bxe5 g5) 45... Rd5 46. Re8 $18 {[%cal Ya5d8]} (46. b4 c4)) 45. Ba5 $1 {
threatening to transfer the bishop to e7 via d8.} h5 (45... e3 46. Bd8 e2 47.
Be7 h5 48. Bxf8 Kh7 49. Bg7 g5 50. Re8 $18) (45... Rd5 46. Bd8 $18) 46. b4 ({
Strong enough as well:} 46. Re8 $18 {[%cal Ya5d8,Yd8e7]}) 46... Ra3 (46... Rd6
{loses as well:} 47. b5 Rd7 48. b6 g5 49. Ra7 Rd1 50. b7 Bd6 51. Ra6 Be5 52.
Rc6 $18) 47. Rc8 $1 $18 {[%cal Ya5b6] Now white is going to get a very obvious
material advantage, that promises him an easy victory.} e3 (47... c4 48. Bb6
$18) 48. fxe3 c4 (48... g5 49. Bb6 $18) 49. Bb6 c3 50. Bc5 (50. Bc5 c2 51. Bxf8
c1=Q 52. Rxc1 $18) 1-0